[Event "The Joe Lattyak Tournament"]
[Site "Bermuda"]
[Date "2016.10.11"]
[Round "1"]
[White "Jamel Warren"]
[Black "Mark Flanagan"]
[Result "0-1"]
[WhiteElo "1528"]
[BlackElo "1835"]

1.e4 d5 2.exd5 Qxd5 3.Nc3 Qd8 4.d4 c6 5.Nf3 Bf5 6.Bc4 e6 7.Bf4 Nf6 8.Nh4 Bg6
9.Nxg6 hxg6 10.Qe2 Bd6 11.Bg5 Be7 12.O-O-O Nbd7 13.h3 O-O 14.h4 a5 15.g4 b5
16.Bd3 b4 17.Na4 Nd5 18.Bxe7 Qxe7 19.Qf3 Qf6 20.Qxf6 N7xf6 21.f3 Nf4 22.Bc4
Rfd8 23.Nc5 N6d5 24.Bxd5 Rxd5 25.Rd2 Rxd4 26.Rxd4 Ne2+ 27.Kb1 Nxd4 28.f4 Ne2
29.Rf1 Rd8 30.Nd3 Rd5 31.Re1 Nd4 32.Re5 Nf3 33.Rxd5 cxd5 34.h5 gxh5 35.gxh5
Nd4 36.Kc1 Ne2+ 37.Kd2 Ng3 38.Ne5 Nxh5 39.Nc6 Nxf4 40.Nxa5 d4 41.Nc6 Nd5
42.Nxd4 Kf8 43.Kd3 Ke7 44.c4 bxc3 45.bxc3 Kd6 46.a4 g5 47.a5 Nc7 48.Kc4 g4
49.Kd3 f5 50.c4 Kc5 {#R} 0-1

[Event "The Joe Lattyak Tournament"]
[Site "Bermuda"]
[Date "2016.10.11"]
[Round "1"]
[White "Serguei Gontcharov"]
[Black "Daniel Iwaloye"]
[Result "1-0"]
[WhiteElo "1724"]
[BlackElo "1500"]

1.e4 e6 2.d4 d5 3.e5 c5 4.c3 c4 5.Nf3 Nc6 6.Be2 Bd7 7.O-O Qb6 8.b3 Na5 9.Nbd2
Bb5 10.b4 Ne7 11.bxa5 Qxa5 12.a4 Nf5 13.Bb2 Bc6 14.Qc2 g6 15.Rfb1 h5 16.Nf1
Be7 17.Bc1 h4 18.h3 Qc7 19.Bg5 O-O-O 20.a5 Bxg5 21.Nxg5 Qe7 22.Nf3 g5 23.N1h2
Nh6 24.Ne1 f5 25.exf6 Qxf6 26.Ng4 Nxg4 27.Bxg4 Rdf8 28.Nf3 Be8 29.Re1 Bd7
30.Ne5 Re8 31.Nxd7 Kxd7 32.Qa4+ Kc8 33.Rxe6 Rxe6 34.Re1 Rf8 35.Bxe6+ Kb8 36.f3
Qd8 37.a6 b6 38.Qc6 Qc7 39.Qxc7+ Kxc7 40.Bxd5 Kd6 41.Re5 Rc8 42.Rxg5 Re8
43.Bxc4 Re3 44.Rg6+ Kc7 45.Rg7+ Kc6 46.Rxa7 Rxc3 47.Ra8 Ra3 48.a7 b5 49.Bxb5+
Kc7 50.Rh8 Rxa7 51.Rh7+ Kb6 52.Rxa7 Kxa7 53.d5 Kb6 54.d6 Kxb5 55.d7 Kc5
56.d8=Q Kc6 57.f4 Kc5 58.f5 Kc6 59.f6 Kc5 60.f7 Kc6 61.f8=Q {#r} 1-0

[Event "The Joe Lattyak Tournament"]
[Site "Bermuda"]
[Date "2016.10.11"]
[Round "1"]
[White "Larry Monk"]
[Black "Carlos Tavares"]
[Result "1/2-1/2"]
[WhiteElo "1500"]
[BlackElo "1697"]

1.e4 g6 2.Nf3 Bg7 3.d4 d6 4.Nc3 Bg4 5.Bc4 Nf6 6.h3 Bxf3 7.Qxf3 O-O 8.O-O Nc6
9.Be3 Nh5 10.Rad1 Na5 11.Bd3 e6 12.Qe2 Nc6 13.Bb5 Ne7 14.e5 a6 15.Bd3 dxe5
16.dxe5 Nd5 17.Nxd5 exd5 18.Bd4 Re8 19.f4 Ng3 20.Qg4 Nxf1 21.Rxf1 h5 22.Qg3
Re7 23.f5 h4 24.Qg4 Bxe5 25.Bc5 f6 26.Bxe7 Qxe7 27.Qxg6+ Qg7 28.c4 d4 29.c5
Kf8 30.Qxg7+ Kxg7 31.Re1 Re8 32.Re4 Rh8 33.Rg4+ Kf7 34.Bc4+ Kf8 {#d} 1/2-1/2

[Event "The Joe Lattyak Tournament"]
[Site "Bermuda"]
[Date "2016.10.11"]
[Round "1"]
[White "Sami Lill"]
[Black "Daniel Cabral"]
[Result "1-0"]
[WhiteElo "1879"]
[BlackElo "1600"]

1.e4 c5 2.Nf3 d6 3.Bc4 e6 4.b3 d5 5.exd5 exd5 6.Bd3 Nf6 7.O-O Be7 8.Bb2 O-O
9.h3 h6 10.Nc3 Nc6 11.a3 Nh5 12.Ne2 Bd6 13.c4 d4 14.Qc2 Re8 15.Rae1 b6 16.Bh7+
Kh8 17.Be4 Bd7 18.b4 Rc8 19.b5 Ne5 20.Nxe5 Bxe5 21.f4 Bxf4 22.Nxf4 Nxf4
23.Rxf4 Bxh3 24.Ref1 Qg5 25.Rxf7 Rcd8 26.d3 Be6 27.Bc1 Qe5 28.Rxa7 Rf8 29.Qd1
Rf6 30.Rxf6 Qxf6 31.Qf3 Qh4 32.Bd2 Kg8 33.a4 Rf8 34.Bh7+ Kxh7 35.Qxf8 Qg4
36.Qf3 Qg6 37.Rc7 Bg4 38.Qf7 Qxf7 39.Rxf7 Be2 40.Rf3 Bxf3 41.gxf3 {#r} 1-0

[Event "The Joe Lattyak Tournament"]
[Site "Bermuda"]
[Date "2016.10.11"]
[Round "1"]
[White "Don Dacres"]
[Black "Brian Davis"]
[Result "1-0"]
[WhiteElo "1691"]
[BlackElo "1428"]

1.e4 e6 2.d4 d5 3.e5 c5 4.Nf3 Nc6 5.c3 Qb6 6.b3 f6 7.Be3 cxd4 8.cxd4 Bb4+
9.Nbd2 Qa5 10.Be2 fxe5 11.dxe5 Bc3 12.Rc1 Nxe5 13.O-O Ng4 14.Bd4 Bxd4 15.Nxd4
Ne5 16.Nb5 Nc6 17.Nd6+ Ke7 18.Re1 Qxa2 19.Nxc8+ Rxc8 20.Bg4 Nf6 21.Rxe6+ Kf7
22.Rd6 Nxg4 23.Qxg4 Qxd2 24.Qe6+ Kf8 25.Qxc8+ Kf7 26.Qe6+ Kf8 27.Re1 g6
28.Qf6+ Kg8 29.Re8# 1-0

[Event "The Joe Lattyak Tournament"]
[Site "Bermuda"]
[Date "2016.10.23"]
[Round "2"]
[White "Serguei Gontcharov"]
[Black "Moses Mufandaedza"]
[Result "1/2-1/2"]
[WhiteElo "1724"]
[BlackElo "1981"]

1.e4 e5 2.f4 Nf6 3.fxe5 Nxe4 4.Nf3 d5 5.d3 Nc5 6.d4 Ne4 7.Bd3 Be7 8.O-O O-O
9.c4 c6 10.Qc2 f5 11.exf6 Nxf6 12.Bg5 h6 13.Bh4 Be6 14.Ne5 dxc4 15.Bxc4 Bxc4
16.Qxc4+ Qd5 17.Nc3 Qxc4 18.Nxc4 Nbd7 19.Rae1 Rae8 20.Bg3 Bb4 21.Nd6 Rxe1
22.Rxe1 Bxd6 23.Bxd6 Re8 24.Rxe8+ Nxe8 25.Bg3 Kf7 26.Ne4 Ke6 27.Kf2 Kd5 28.Ke3
g5 29.Kd3 Ng7 30.Nc3+ Ke6 31.Ne4 Nf5 32.Bc7 {#d} 1/2-1/2

[Event "The Joe Lattyak Tournament"]
[Site "Bermuda"]
[Date "2016.10.23"]
[Round "2"]
[White "Rey Casanova"]
[Black "Carlton Simmons"]
[Result "1-0"]
[WhiteElo "1670"]
[BlackElo "1500"]

1.e4 e6 2.d4 d6 3.Nf3 h6 4.Nc3 c6 5.Bd3 Nd7 6.O-O g6 7.e5 Bg7 8.Re1 Nb6 9.Bf4
d5 10.b4 a6 11.a4 Bd7 12.a5 Nc4 13.Bxc4 dxc4 14.Ne4 Bf8 15.c3 Qc7 16.Nfd2 f5
17.Nd6+ Bxd6 18.exd6 Qd8 19.Be5 Nf6 20.Nxc4 O-O 21.Nb6 Rb8 22.f4 Nd5 23.Nxd5
exd5 24.Re3 Rf7 25.Rg3 Kh7 26.Qe1 Qh4 27.Qe3 Rg8 28.Rf1 Rff8 29.Rff3 h5 30.Rg5
Re8 31.Rh3 Qxh3 32.Qxh3 Re6 33.Rxh5+ {#r} 1-0

[Event "The Joe Lattyak Tournament"]
[Site "Bermuda"]
[Date "2016.10.19"]
[Round "2"]
[White "Don Dacres"]
[Black "Jack Thomas"]
[Result "0-1"]
[WhiteElo "1691"]
[BlackElo "1500"]

1.e4 c5 2.d4 cxd4 3.Qxd4 Nc6 4.Qe3 Nf6 5.Bd2 g6 6.Nc3 Bg7 7.O-O-O O-O 8.Be2 d6
9.h3 a6 10.g4 Be6 11.f4 Qa5 12.f5 Bxa2 13.fxg6 fxg6 14.h4 Be6 15.h5 Qa1+
16.Nb1 Ba2 17.Bc3 Bxb1 18.Kd2 Nxe4+ 19.Qxe4 Bxc3+ 20.bxc3 Ne5 21.hxg6 Nxg6
22.Nf3 Rac8 23.Bc4+ Kg7 24.Rxb1 Qa5 25.Rxh7+ {#r} 0-1

[Event "The Joe Lattyak Tournament"]
[Site "Bermuda"]
[Date "2016.10.22"]
[Round "1"]
[White "Niccolo Walrond"]
[Black "Curtis Alban"]
[Result "1-0"]
[WhiteElo "1248"]
[BlackElo "1500"]

1. e4 Nc6 2. d4 e5 3. Nf3 d5 4. Nc3 Bg4 5. Bb5 Nf6 6. Bg5 Bb4 7. dxe5 Nxe4 8.
Bxd8 Kxd8 9. Qxd5+ Ke8 10. Bxc6+ bxc6 11. Qxc6+ Kf8 12. Qxe4 Bxf3 13. Qxb4+
Ke8 14. gxf3 Rd8 15. Rd1 Rxd1+ 16. Kxd1 f6 17. exf6 gxf6 18. Re1+ Kf7 19. Qe7+
Kg6 20. Ne4 Kf5 21. Qxf6# 1-0

[Event "The Joe Lattyak Tournament"]
[Site "Bermuda"]
[Date "2016.10.19"]
[Round "2"]
[White "Carlos Tavares"]
[Black "Raymond Trott"]
[Result "0-1"]
[WhiteElo "1697"]
[BlackElo "1651"]

1. e4 c5 2. Nf3 e6 3. Bc4 Nc6 4. e5 a6 5. O-O b5 6. Bd3 Bb7 7. Nc3 Be7 8. Ne4
Nh6 9. Nd6+ Bxd6 10. exd6 O-O 11. c4 bxc4 12. Bxc4 Nf5 13. d3 Nxd6 14. Ng5 Nf5
15. Qh5 h6 16. Nf3 Qf6 17. Bd2 d5 18. Bb3 Ne5 19. Nxe5 Qxe5 20. Rfd1 Qf6 21.
g4 Nd4 22. Bc3 Nf3+ 23. Kg2 d4 24. Bxd4 cxd4 25. Kh3 Ng5+ 26. Kh4 Qf3 {#R} 0-1

[Event "The Joe Lattyak Tournament"]
[Site "Bermuda"]
[Date "2016.10.16"]
[Round "1"]
[White "Moses Mufandaedza"]
[Black "Rudy West"]
[Result "1-0"]
[WhiteElo "1981"]
[BlackElo "1433"]

1.e4 e5 2.Nf3 Nc6 3.Bb5 d6 4.h3 Nf6 5.Qe2 a6 6.Ba4 b5 7.Bb3 Be7 8.O-O O-O 9.c3
Bb7 10.Rd1 Na5 11.Bc2 c5 12.d4 cxd4 13.cxd4 exd4 14.Nxd4 Qc7 15.Bf4 Nc4 16.Bd3
Ne5 17.Bc2 Rfe8 18.Nf5 Bd8 19.Nxd6 Re6 20.Nxb7 Qxb7 21.Bb3 Re8 22.Nc3 Ng6
23.Bg5 b4 24.Bxf6 Bxf6 25.Nd5 Be5 26.Rac1 a5 27.Rc4 Rad8 28.Ba4 Re6 29.f4 Nxf4
30.Nxf4 Rxd1+ 31.Qxd1 Rd6 32.Nd5 g6 33.b3 Qa7+ 34.Kh1 Qf2 35.Rc1 g5 36.Qg4 Qd2
37.Rd1 Qc2 38.Qxg5+ Rg6 39.Ne7+ {#r} 1-0

[Event "The Joe Lattyak Tournament"]
[Site "Bermuda"]
[Date "2016.10.19"]
[Round "1"]
[White "Raymond Trott"]
[Black "Jack Thomas"]
[Result "0-1"]
[WhiteElo "1651"]
[BlackElo "1500"]

1. f4 d5 2. Nf3 Nc6 3. e3 Bf5 4. Bb5 Qd6 5. d4 Qb4+ 6. Nc3 Bd7 7. O-O O-O-O 8.
Qe2 Qd6 9. a4 f6 10. Bxc6 Bxc6 11. Nb5 Bxb5 12. axb5 Kb8 13. b3 h6 14. Ba3 Qe6
15. c4 g5 16. fxg5 hxg5 17. c5 Bg7 18. Bc1 g4 19. Qa2 a6 20. Ne1 Bh6 21. Nc2
f5 22. c6 Nf6 23. bxa6 Qxc6 24. Nb4 Qc3 25. axb7 Bxe3+ 26. Bxe3 Qxe3+ 27. Kh1
Rxh2+ 28. Kxh2 {#R} 0-1

[Event "The Joe Lattyak Tournament"]
[Site "Bermuda"]
[Date "2016.10.18"]
[Round "2"]
[White "Daniel Cabral"]
[Black "Niccolo Walrond"]
[Result "1-0"]
[WhiteElo "1600"]
[BlackElo "1248"]

1. e4 e5 2. Nf3 Nc6 3. Bb5 Nf6 4. O-O Be7 5. Re1 O-O 6. c3 Re8 7. Bxc6 dxc6 8.
Nxe5 Bd6 9. d4 Bxe5 10. f4 Bg4 11. Qd2 Bxd4+ 12. Qxd4 Qxd4+ 13. cxd4 Rad8 14.
Nc3 Nxe4 15. Rxe4 Rxe4 16. Nxe4 Rxd4 17. Nc3 Rd6 18. Be3 b6 19. h3 {#r} 1-0

[Event "The Joe Lattyak Tournament"]
[Site "Bermuda"]
[Date "2016.10.18"]
[Round "2"]
[White "Curtis Alban"]
[Black "Jamel Warren"]
[Result "0-1"]
[WhiteElo "1400"]
[BlackElo "1528"]

1.e4 e5 2.Nc3 Nf6 3.Bc4 Bc5 4.Qe2 Nc6 5.Nf3 h6 6.d3 Na5 7.Bb5 a6 8.Ba4 b5
9.Bb3 d6 10.Be3 Bxe3 11.fxe3 Nxb3 12.cxb3 O-O 13.d4 Re8 14.d5 b4 15.Na4 Nxe4
16.a3 a5 17.axb4 axb4 18.Qd3 Nc5 19.Qb5 Bd7 20.Qxb4 Nd3+ 21.Ke2 Nxb4 22.e4 Bg4
23.Kf2 Bxf3 24.Kxf3 Qf6+ 25.Ke3 Qg5+ 26.Ke2 Qxg2+ 27.Ke3 Nc2+ 28.Kd3 Nxa1
29.Rxa1 Qxh2 30.Kc3 Qg3+ 31.Kb4 Reb8+ {#R} 0-1

[Event "The Joe Lattyak Tournament"]
[Site "Bermuda"]
[Date "2016.10.18"]
[Round "2"]
[White "Mark Flanagan"]
[Black "Sami Lill"]
[Result "1-0"]
[WhiteElo "1835"]
[BlackElo "1879"]

1. d4 d5 2. Bf4 c5 3. c3 Nc6 4. e3 Qb6 5. Qc1 Bf5 6. Nd2 Nf6 7. h3 cxd4 8.
exd4 Rc8 9. Ngf3 h6 10. a3 Ne4 11. Be2 g5 12. Be5 Nxe5 13. Nxe5 Bg7 14. Nxe4
Bxe4 15. Bg4 Rc7 16. O-O Qd6 17. Qe3 h5 18. Be2 f6 19. Bb5+ Kf8 20. Nc4 Qd8
21. Nd2 Bg6 22. Rfe1 Bh6 23. Qe2 g4 24. h4 Bf7 25. Bd3 Rg8 26. Nf1 e6 27. Rac1
Bxc1 28. Rxc1 f5 29. g3 Qf6 30. Qd2 e5 31. dxe5 Qxe5 32. Re1 Qf6 33. Qf4 Re7
34. Rxe7 Qxe7 35. Qxf5 Qe6 36. Qf4 Qb6 37. Qb8+ Ke7 38. Qe5+ Be6 39. Ne3 Rd8
40. Nf5+ Kd7 41. Bb5+ {#r} 1-0

[Event "The Joe Lattyak Tournament"]
[Site "Bermuda"]
[Date "2016.10.25"]
[Round "3"]
[White "Mark Flanagan"]
[Black "Jack Thomas"]
[Result "1-0"]
[WhiteElo "1835"]
[BlackElo "1600"]

1.d4 d5 2.Bf4 Nf6 3.e3 g6 4.Nf3 Bg7 5.c4 O-O 6.Nc3 b6 7.Be2 Bb7 8.h3 Ne4
9.Nxd5 Bxd5 10.cxd5 Qxd5 11.Bxc7 Na6 12.Bh2 Qa5+ 13.Nd2 Nxd2 14.Qxd2 Qxd2+
15.Kxd2 Nc7 16.Bxc7 f6 17.Bc4+ Kh8 18.Be6 f5 19.h4 h5 20.Rac1 Rf6 21.Bd5 Rc8
22.Be5 Rff8 23.Rxc8 Rxc8 24.Bxg7+ Kxg7 25.Rc1 Rd8 26.Be6 a5 27.Rc7 Kf6 28.Rc6
Rd6 29.Rxd6 exd6 30.Bd5 g5 31.hxg5+ Kxg5 32.a4 Kf6 33.Kd3 Kg5 34.Kc4 f4
35.exf4+ Kxf4 36.Kb5 {#r} 1-0

[Event "The Joe Lattyak Tournament"]
[Site "Bermuda"]
[Date "2016.10.30"]
[Round "3"]
[White "Rey Casanova"]
[Black "Serguei Gontcharov"]
[Result "1-0"]
[WhiteElo "1670"]
[BlackElo "1724"]

1.e4 e5 2.Nf3 Nf6 3.Nc3 Bb4 4.d3 O-O 5.Bg5 Nc6 6.a3 Bc5 7.Nd5 Be7 8.Nxe7+ Qxe7
9.Qd2 d6 10.h3 Be6 11.c4 Rfe8 12.Be2 a5 13.O-O a4 14.Bd1 Bd7 15.Re1 h6 16.Bh4
Qe6 17.b4 axb3 18.Bxb3 Nh5 19.d4 Nxd4 20.Nxd4 exd4 21.Qxd4 g5 22.Bg3 Nxg3
23.fxg3 Qe5 24.Qf2 Be6 25.Qe3 Ra5 26.Kh1 Rea8 27.a4 Bd7 28.Rf1 Bxa4 29.Rxa4
Rxa4 30.Qf3 Ra1 31.Qxf7+ Kh8 32.Rxa1 Qxa1+ 33.Kh2 Qg7 34.Qd5 Rb8 35.c5 dxc5
36.Qxc5 b6 37.Qd5 c5 38.Qd6 Rf8 39.Qxb6 Rc8 40.Qe6 Rf8 41.e5 Rb8 42.Bd5 Qf8
43.Be4 Re8 44.Qg6 Re7 45.e6 Qg7 46.Qf5 c4 47.Bd5 c3 48.Be4 Kg8 49.Qc5 Rc7
50.Qd5 Qf6 51.e7+ Kg7 52.e8=Q Re7 53.Qeg8# 1-0

[Event "The Joe Lattyak Tournament"]
[Site "Bermuda"]
[Date "2016.10.30"]
[Round "3"]
[White "Moses Mufandaedza"]
[Black "Don Dacres"]
[Result "1-0"]
[WhiteElo "1981"]
[BlackElo "1691"]

1.d4 Nf6 2.c4 d5 3.Nf3 e6 4.g3 b6 5.Bg2 Bb7 6.O-O Be7 7.Bf4 O-O 8.Nbd2 Nbd7
9.a3 Rc8 10.Qa4 a5 11.b4 c5 12.dxc5 axb4 13.axb4 bxc5 14.b5 e5 15.Nxe5 Nxe5
16.Bxe5 Bd6 17.Bxd6 Qxd6 18.Qa7 Qb8 19.Rfc1 Rc7 20.Qb6 Nd7 21.Qd6 Rd8 22.Ra7
Nf6 23.Qb6 Nd7 24.Qd6 Nf6 25.Qb6 Nd7 26.Qa5 Nf6 27.Ra1 Rcd7 28.Qb6 Qc7 29.Qxc7
Rxc7 30.cxd5 Rcd7 31.e4 Bc8 32.Nc4 Rxa7 33.Rxa7 Bd7 34.b6 Bb5 35.Ne5 c4 36.Nc6
Re8 37.Ra5 Bxc6 38.dxc6 g5 39.Rxg5+ {#d} 1-0

[Event "The Joe Lattyak Tournament"]
[Site "Bermuda"]
[Date "2016.10.30"]
[Round "3"]
[White "Raymond Trott"]
[Black "Daniel Cabral"]
[Result "1/2-1/2"]
[WhiteElo "1651"]
[BlackElo "1600"]

1.f4 d5 2.d4 Nf6 3.Nf3 c5 4.c3 cxd4 5.cxd4 Nc6 6.e3 Bf5 7.Be2 e6 8.O-O Bd6
9.Ne5 Bxe5 10.fxe5 Ne4 11.Nc3 O-O 12.Nxe4 Bxe4 13.Bd2 Rc8 14.Bf3 Bg6 15.Qe1 f6
16.exf6 Rxf6 17.Qg3 Qe7 18.h4 h6 19.h5 Bh7 20.a3 a5 21.Rac1 b6 22.Rfe1 Qd7
23.Bc3 Ne7 24.e4 dxe4 25.Bxe4 Bxe4 26.Rxe4 Nf5 27.Qf4 Re8 28.d5 exd5 29.Rxe8+
Qxe8 30.Re1 Re6 31.Rf1 d4 32.Qxf5 dxc3 33.bxc3 Re5 34.Qf3 Re3 35.Qd5+ Kh8
36.Qd6 Kh7 37.Qxb6 Rxc3 38.Qb1+ 1/2-1/2

[Event "The Joe Lattyak Tournament"]
[Site "Bermuda"]
[Date "2016.11.01"]
[Round "0"]
[White "Daniel Iwaloye"]
[Black "Mark Flanagan"]
[Result "0-1"]
[WhiteElo "1550"]
[BlackElo "1835"]

1.f4 d5 2.Nf3 c6 3.e3 Nf6 4.c4 Bf5 5.d4 e6 6.c5 Nbd7 7.Nc3 a5 8.a4 b6 9.cxb6
Qxb6 10.Bd3 Bxd3 11.Qxd3 c5 12.Qb5 cxd4 13.exd4 Bb4 14.Qxb6 Nxb6 15.O-O Bxc3
16.bxc3 Ne4 17.Bd2 Nc4 18.Be1 Ne3 19.Rb1 Nxf1 20.Kxf1 O-O 21.Ne5 Rfc8 22.Rb7
Nxc3 23.Nxf7 Nxa4 24.Ng5 Re8 25.Rb5 h6 26.Nf3 Reb8 27.Rxa5 Rxa5 28.Bxa5 Nb2
29.Bc7 Rb7 30.Be5 Nc4 31.Kf2 Rb2+ 32.Kg3 Ne3 33.Ne1 Re2 34.Nd3 Nf5+ 35.Kg4
Rxg2+ 36.Kf3 Rxh2 37.Nc5 Kf7 38.Nd7 Rd2 39.Nb8 Nxd4+ 40.Ke3 Nb3 41.Nc6 Rc2
42.Nd8+ Ke7 43.Nb7 Rc6 44.Kd3 Rb6 45.Bxg7 Rxb7 46.Bxh6 Kf6 47.Bf8 Kf5 48.Ke3
Na5 49.Bd6 Nc4+ {#R} 0-1

[Event "The Joe Lattyak Tournament"]
[Site "Bermuda"]
[Date "2016.11.01"]
[Round "4"]
[White "Daniel Cabral"]
[Black "Serguei Gontcharov"]
[Result "0-1"]
[WhiteElo "1600"]
[BlackElo "1724"]

1.e4 e5 2.Nf3 Nf6 3.Nxe5 d6 4.Nf3 Nxe4 5.d4 d5 6.Bd3 Be7 7.O-O Nc6 8.c3 O-O
9.Re1 Bf5 10.Qc2 Qd7 11.Ne5 Nxe5 12.dxe5 Bc5 13.Be3 Bg6 14.Bd4 Bb6 15.b4 a5
16.Bxb6 cxb6 17.Nd2 Nxd2 18.Bxg6 Nf3+ 19.gxf3 hxg6 20.Qd2 Rac8 21.Rad1 Rfd8
22.Qd4 Qe6 23.Qe3 Rc7 24.Rd3 Rdc8 25.Red1 axb4 26.cxb4 d4 27.Rxd4 Qxa2 28.f4
Rf8 29.Rd8 Qe6 30.Rxf8+ Kxf8 31.Qxb6 Qxb6 {#R} 0-1

[Event "The Joe Lattyak Tournament"]
[Site "Bermuda"]
[Date "2016.11.02"]
[Round "3"]
[White "Don Dacres"]
[Black "Raymond Trott"]
[Result "0-1"]
[WhiteElo "1691"]
[BlackElo "1651"]

1.d4 d5 2.Bf4 Bf5 3.Nf3 e6 4.e3 Nf6 5.h3 c5 6.c3 c4 7.Nbd2 Nbd7 8.Be2 Be7 9.b3
b5 10.a4 a6 11.axb5 axb5 12.Rxa8 Qxa8 13.b4 O-O 14.Ne5 Nxe5 15.Bxe5 Qa3
16.Bxf6 Bxf6 17.e4 dxe4 18.Nb1 Qb2 19.O-O Bg5 20.f4 Bh4 21.Bg4 g6 22.Qc1 Qxc1
23.Rxc1 e3 24.Bxf5 gxf5 25.Na3 Rb8 26.Kh2 Bf2 27.Rc2 Kf8 28.g3 Ke7 29.Kg2 Be1
30.Kf3 Bd2 31.Nb1 Ra8 32.Nxd2 exd2 33.Rxd2 Ra3 34.Rc2 h5 35.Ke2 Kd6 36.Kd2 Kd5
37.Ke3 f6 38.Rc1 Ra2 39.Kf3 Ra3 40.g4 fxg4+ 41.hxg4 hxg4+ 42.Kxg4 f5+ 43.Kg5
Ra2 44.Re1 Ra3 45.Re5+ Kd6 46.Rxb5 Rxc3 47.Rc5 Rc1 48.b5 c3 49.b6 c2 50.b7 Rb1
51.Rxc2 Rxb7 52.Kf6 Rb6 53.Re2 Kd5 54.Re5+ Kxd4 55.Re1 Kd5 56.Re5+ Kd4 57.Rxe6
Rxe6+ 58.Kxe6 Ke4 59.Kd6 Kxf4 60.Kd5 Ke3 61.Ke5 f4 62.Kf5 f3 63.Kg4 Ke2 64.Kh3
f2 65.Kg2 f1=Q+ 66.Kh2 Qf7 67.Kg1 Ke1 68.Kg2 Qb3 69.Kg1 Qd3 {#r} 0-1

[Event "The Joe Lattyak Tournament"]
[Site "Bermuda"]
[Date "2016.11.06"]
[Round "3"]
[White "Sami Lill"]
[Black "Niccolo Walrond"]
[Result "1-0"]
[WhiteElo "1879"]
[BlackElo "1248"]

1.d4 d5 2.c4 e6 3.g3 Nf6 4.Bg2 Be7 5.Qc2 Nbd7 6.Nd2 b6 7.e4 Bb4 8.cxd5 exd5
9.e5 Ng4 10.Bxd5 Rb8 11.Bxf7+ Kxf7 12.Qb3+ Ke8 13.Qxb4 Bb7 14.Ngf3 c5 15.Qb3
cxd4 16.Qe6+ Qe7 17.Qxg4 Rf8 18.Ne4 Nxe5 19.Nxe5 Qxe5 20.f3 Rd8 21.O-O d3
22.Bg5 Rd4 23.Rae1 Bxe4 24.Rxe4 Rxe4 25.Qc8+ Kf7 26.fxe4+ Kg8 27.Rxf8# 1-0

[Event "The Joe Lattyak Tournament"]
[Site "Bermuda"]
[Date "2016.11.08"]
[Round "5"]
[White "Serguei Gontcharov"]
[Black "Sami Lill"]
[Result "1-0"]
[WhiteElo "1735"]
[BlackElo "1879"]

1.e4 c5 2.c3 d6 3.Nf3 Nc6 4.d4 b6 5.Be3 Bg4 6.d5 Ne5 7.Nxe5 Bxd1 8.Bb5+ Qd7
9.Bxd7+ Kd8 10.Nxf7+ Kxd7 11.Kxd1 Nf6 12.Nxh8 Ke8 13.Nd2 g6 14.Nxg6 hxg6
15.Kc2 Kd7 16.h3 b5 17.a4 b4 18.cxb4 cxb4 19.a5 e6 20.dxe6+ Kxe6 21.Bd4 Ne8
22.Rhe1 Nc7 23.e5 Kd5 24.exd6 Bxd6 25.Nf3 Nb5 26.Rad1 {#r} 1-0

[Event "The Joe Lattyak Tournament"]
[Site "Bermuda"]
[Date "2016.11.08"]
[Round "5"]
[White "Jack Thomas"]
[Black "Rey Casanova"]
[Result "0-1"]
[WhiteElo "1500"]
[BlackElo "1670"]

1.e4 e5 2.d4 exd4 3.Qxd4 Nc6 4.Qe3 Bb4+ 5.Nc3 d6 6.Bd2 Nf6 7.O-O-O Bc5 8.Qg3
O-O 9.Be2 Kh8 10.h3 Re8 11.f4 Nxe4 12.Nxe4 Rxe4 13.Bd3 Re8 14.Nf3 Be3 15.Ng5
Bxd2+ 16.Rxd2 Be6 17.Bxh7 Qf6 18.f5 Bxa2 19.Rdd1 Nd4 20.Qh4 Ne2+ 21.Kd2 Qd4+
22.Qxd4 Nxd4 23.Kd3 c5 24.b3 Re2 25.Rd2 Rae8 26.g4 R8e3+ {#R} 0-1

[Event "The Joe Lattyak Tournament"]
[Site "Bermuda"]
[Date "2016.11.08"]
[Round "5"]
[White "Raymond Trott"]
[Black "Daniel Iwaloye"]
[Result "1-0"]
[WhiteElo "1651"]
[BlackElo "1500"]

1.f4 d5 2.d4 e6 3.Nf3 c5 4.c3 Nf6 5.e3 c4 6.Be2 Bd6 7.b3 b5 8.O-O O-O 9.Ne5 a5
10.a4 Qb6 11.bxc4 dxc4 12.axb5 Bxe5 13.fxe5 Nd5 14.Bxc4 Bd7 15.Qe2 Nc7 16.Na3
Be8 17.Bd3 Nd7 18.c4 f6 19.c5 Nxc5 20.dxc5 Qxc5 21.Bb2 f5 22.Bd4 Qe7 23.Rac1
Rf7 24.Bc5 Qg5 25.Qf3 Rb8 26.b6 Nd5 27.Nc4 a4 28.Nd6 Rd7 29.Nxe8 Rxe8 30.Bb5
Red8 31.Bxd7 Rxd7 32.e4 Ne7 33.Bxe7 Rxe7 34.Rc7 Re8 35.exf5 exf5 36.b7 {#r}
1-0

[Event "The Joe Lattyak Tournament"]
[Site "Bermuda"]
[Date "2016.11.08"]
[Round "5"]
[White "Curtis Alban"]
[Black "Don Dacres"]
[Result "0-1"]
[WhiteElo "1400"]
[BlackElo "1691"]

1.d4 d5 2.Bf4 Nf6 3.Nf3 Nc6 4.e3 e6 5.Nbd2 Bd6 6.Bxd6 cxd6 7.Bd3 O-O 8.O-O a6
9.c3 b5 10.Qc2 e5 11.dxe5 dxe5 12.e4 Bb7 13.Rfe1 Rc8 14.b3 Nb4 15.cxb4 Rxc2
16.Bxc2 Re8 17.a4 Qb6 18.Rf1 h6 19.Kh1 Ng4 20.Ne1 Nxf2+ 21.Kg1 Nh3+ 22.Kh1
Qg1+ 23.Rxg1 Nf2# 0-1

[Event "The Joe Lattyak Tournament"]
[Site "Bermuda"]
[Date "2016.11.13"]
[Round "5"]
[White "Mark Flanagan"]
[Black "Moses Mufandaedza"]
[Result "1-0"]
[WhiteElo "1835"]
[BlackElo "1981"]

1.d4 Nf6 2.Nf3 e6 3.Bf4 c5 4.c3 d5 5.e3 Bd6 6.Bg3 O-O 7.Nbd2 c4 8.b3 b5 9.a4
cxb3 10.axb5 Bxg3 11.hxg3 b2 12.Rb1 Qa5 13.Qc2 Bb7 14.Bd3 h6 15.Qxb2 Rc8
16.Rc1 Nbd7 17.O-O Rc7 18.c4 Rcc8 19.c5 Rab8 20.Ra1 {#r} 1-0

[Event "The Joe Lattyak Tournament"]
[Site "Bermuda"]
[Date "2016.11.15"]
[Round "6"]
[White "Serguei Gontcharov"]
[Black "Mark Flanagan"]
[Result "1/2-1/2"]
[WhiteElo "1724"]
[BlackElo "1835"]

1.e4 d5 2.exd5 Qxd5 3.Nf3 Bg4 4.Be2 Nc6 5.d4 O-O-O 6.c4 Qf5 7.Be3 Bxf3 8.Bxf3
Nxd4 9.Bxd4 Qe6+ 10.Qe2 Qxe2+ 11.Bxe2 Rxd4 12.Nc3 c6 13.b4 e6 14.a3 Nf6 15.b5
Ne4 16.Nxe4 Rxe4 17.Ra2 cxb5 18.cxb5 Ra4 19.O-O Rxa3 20.Rc2+ Kb8 21.Rd1 Bb4
22.Rd7 Rc3 23.Rxc3 Bxc3 24.Rxf7 Rc8 {#d} 1/2-1/2

[Event "The Joe Lattyak Tournament"]
[Site "Bermuda"]
[Date "2016.11.15"]
[Round "6"]
[White "Rey Casanova"]
[Black "Raymond Trott"]
[Result "1-0"]
[WhiteElo "1670"]
[BlackElo "1651"]

1.e4 e6 2.d4 d6 3.Nf3 Be7 4.c4 c6 5.Bd3 Nf6 6.O-O Nbd7 7.a4 a5 8.b3 O-O 9.Bb2
b6 10.h3 Bb7 11.Re1 c5 12.d5 e5 13.Bc1 h6 14.Nh4 Nxd5 (14...Nxe4) 15.exd5 Bxh4
16.Qg4 Qf6 17.g3 Rfe8 18.gxh4 Bc8 19.Qf5 Qxf5 20.Bxf5 Nf6 21.Bxc8 Raxc8 22.Nc3
Nh5 23.Ne4 Rcd8 24.Kh2 f5 25.Ng3 Nxg3 26.fxg3 e4 27.Be3 Kh7 28.h5 g6 29.hxg6+
Kxg6 30.Rf1 h5 31.h4 Rd7 32.Rf2 Rf7 (32...Rde7 33.Raf1 Kf6 34.Kg2 Rg8 35.Bg5+)
33.Raf1 Rf6 34.Kg2 Rg8 35.Bg5 Rf7 36.Rf4 Re8 37.Kf2 Rg8 38.Ke3 Rgf8 39.R4f2
Re8 40.Bf4 Rd8 41.Kd2 Rfd7 42.Bxd6 Rxd6 43.Rxf5 Re8 44.Ke3 Re7 45.Rg5+ Kh6
46.Rff5 Re8 47.Rxh5+ Kg6 48.Rfg5+ Kf7 49.Rh7+ Kf8 50.Rh8+ Kf7 51.Rxe8 Kxe8
52.h5 Rh6 53.g4 Kd7 54.Kxe4 Rh7 55.Rg6 Kc7 56.h6 Re7+ 57.Re6 Rf7 58.d6+ Kc6
59.Re7 Rf8 60.d7 Rd8 61.h7 Kd6 62.Re8 Kxd7 63.Rxd8+ 1-0

[Event "The Joe Lattyak Tournament"]
[Site "Bermuda"]
[Date "2016.11.15"]
[Round "6"]
[White "Sami Lill"]
[Black "Brian Davis"]
[Result "1-0"]
[WhiteElo "1879"]
[BlackElo "1428"]

1.e4 e6 2.d4 d5 3.e5 c5 4.Nf3 cxd4 5.Nxd4 a6 6.Nc3 h6 7.Bd3 Bc5 8.Be3 Qb6
9.Rb1 Bxd4 10.Bxd4 Qb4 11.a3 Qa5 12.b4 Qc7 13.Qg4 g6 14.Ne2 Nc6 15.Bc5 Nxe5
16.Qd4 Nf6 17.O-O Nfg4 18.f4 Nf3+ 19.Rxf3 e5 20.fxe5 Nxe5 21.Re3 f6 22.Bxg6+
Kd8 23.Bb6 Nxg6 24.Qxf6+ {#r} 1-0